000
00212nam a22000857a 4500
008
170621b xxu||||| |||| 00| 0 eng d
100
_9
3592
_a
Dhawan. R
245
_a
Brand Management
260
_a
New Delhi
_b
A. P. H
_c
2010
999
_c
6978
_d
6978